000 00600nam a2200241Ia 4500
003 OSt
005 20221005130552.0
006 a|||||r|||| 00| 0
007 ta
008 221004b |||||||| |||| 00| 0 eng d
024 _a36953
037 _cTextual
040 _aCRL
_cCRL
_beng
041 _2eng
_aeng
082 _aOv5:M0, F3-;1
100 _aOmond T S
_952349
245 0 _aRomantic triumph
260 _c1923
490 _aPeriods of european literature
650 _aENGLISH LITERATURE
942 _hOv5:M0, F3-;1
_cTEXL
_2cc
999 _c1057667
_d1057667